Central Library OPAC University of Rajshahi

English literary criticism : (Record no. 22194)

MARC details
000 -LEADER
fixed length control field 00878nam a2200265 a 4500
001 - CONTROL NUMBER
control field 22194
003 - CONTROL NUMBER IDENTIFIER
rucl marc code BD-RjUL
005 - DATE AND TIME OF LATEST TRANSACTION
control field 20211209000758.0
008 - FIXED-LENGTH DATA ELEMENTS--GENERAL INFORMATION
fixed length control field 140306r19681968enk b 000 0 eng d
035 ## - SYSTEM CONTROL NUMBER
System control number (BD-RjUL)22259
-- OCLC 5259710 from mcbo47
040 ## - CATALOGING SOURCE
Original cataloging agency DLC
Transcribing agency ZYU
Modifying agency SER
-- m.c
-- UkOxU
-- BD-RjUL
Language of cataloging eng
041 ## - LANGUAGE CODE
Language code of text/sound track or separate title eng
082 00 - DEWEY DECIMAL CLASSIFICATION NUMBER
Classification number 809.8942
Author mark and year ENG 1968
245 10 - TITLE STATEMENT
Title English literary criticism :
Remainder of title Romantic and Victorian /
Statement of responsibility, etc. edited by Daniel G. Hoffman and Samuel Hynes.
260 ## - PUBLICATION, DISTRIBUTION, ETC. (IMPRINT)
Place of publication, distribution, etc. London :
Name of publisher, distributor, etc. Owen,
Date of publication, distribution, etc. 1966 [impression 1968].
300 ## - PHYSICAL DESCRIPTION
Pagination x, 322 p. ;
Size 22 cm.
504 ## - BIBLIOGRAPHY, ETC. NOTE
Bibliography, etc Includes bibliographies.
650 #0 - SUBJECT ADDED ENTRY--TOPICAL TERM
Topical term or geographic name as entry element Criticism
Geographic subdivision Great Britain
9 (RLIN) 68492
Topical term or geographic name as entry element English literature
Chronological subdivision 19th century
9 (RLIN) 68493
700 1# - ADDED ENTRY--PERSONAL NAME
Personal name Hoffman, Daniel,
Dates associated with a name 1923-2013.
Personal name Hynes, Samuel Lynn.
942 ## - ADDED ENTRY ELEMENTS (KOHA)
Source of classification or shelving scheme Dewey Decimal Classification
Koha item type Books
Holdings
Lost status Source of classification or shelving scheme Damaged status Not for loan Collection code Permanent Location Current Location Shelving location Date acquired Source of acquisition Cost, normal purchase price Total Checkouts Full call number Date last seen Copy number Koha item type
  Dewey Decimal Classification   Not For Loan Non-fiction Central Library, University of Rajshahi Central Library, University of Rajshahi Reading Room 08/08/1972 Book centre. 49.50   809.8942 ENG 1968 06/03/2014 C-1 Books
  Dewey Decimal Classification     Non-fiction Central Library, University of Rajshahi Central Library, University of Rajshahi   06/03/1973 Blackwell 2.25   809.8942 ENG 1968 28/01/2020 C-2 Books